Регионална библиотека "Любен Каравелов" - Русе

Крым (Запис номер 387977)

MARC детайли
000 -Лидер
Контролно поле с фиксирана дължина nkm a22 a 4500
003 - Код на организацията, давaща контролен номер
Контролно поле BLK
005 - Дата и час на последна редакция
Контролно поле 20200921141408.0
008 - Елементи от данни с фиксирана дължина
fixed length control field 200921b bu ||||| |||| 00| 0 bu d
040 ## - Източник на каталожния запис
Идентификатор на билиотеката - собственик на записа BLK
041 ## - Код за език
Код за езика на текст/звукозапис или на отделно заглавие Руски
Код за езика КДБФ Руски
080 ## - УДК
Текстов определител УДК Краезнание
УДК код - определител по УДК 908
УДК - код + определител 908
245 ## - Сведения за заглавието
Заглавие Крым
Редно поле (дума) Фотогр. Д. Н. Герман, А. С. Маркелов ; текст Л. И. Филиппова
246 ## - Различни форми на заглавието
Паралелно заглавие The Crimea
260 ## - Област на издателските данни
9 (RLIN) 216267
Място на издаване, разпространение и проч. Москва
Име на издателя, разпространителя и проч. Планета
Година на издаване 1971
300 ## - Физическа характеристика
Страници 174 с.
Илюстрации и др. с цв. ил.
Размери/Мащаб 21 см
380 ## - Жанр
Жанр Изкуство
651 #7 - Допълнително описание по предмет - топоним
9 (RLIN) 179092
Географско понятие Крим
700 ## - Други автори (авторска отговорност)
9 (RLIN) 1631
Лично име Герман, Д. Н.
Автороска отговорност (Описва отношението между автора и произведението) фотогр.
700 ## - Други автори (авторска отговорност)
9 (RLIN) 1631
Лично име Маркелов, А.
Автороска отговорност (Описва отношението между автора и произведението) фотогр.
700 ## - Други автори (авторска отговорност)
9 (RLIN) 1581
Лично име Филиппова, Л. И.
Автороска отговорност (Описва отношението между автора и произведението) текст
852 ## - Местоположение
Форматна сигнатура Цб 301295
999 ## - СИСТЕМНИ КОНТРОЛНИ НОМЕРА
Koha biblionumber 387977
Koha biblioitemnumber 387977
942 ## - АРТИКУЛИ
Вид на библиотечния материал Графични издания
Скрит в OPAC Не
Периодичен библиозапис Да
944 ## - СЪЗДАВАНЕ И РЕДАКЦИЯ на ЗАПИСА
Създаване/Редакция Създаване
Дата на регистрацията/редакция 2020-09-21
Служител, извършил регистрацията/редакцията Валя Йорданова
999 ## - СИСТЕМНИ КОНТРОЛНИ НОМЕРА
Koha biblioitemnumber 387977
Наличности
Код за отписване Код за изгубен артикул Източник на класификационната схема Код за повреда Коз за рестрикции Код за отдаване Артикулен № Име на библиотеката - собственик Име на библиотеката, в която се намира в момента Статус (Текущо местоположение) Дата на вписване в системата Местоположение - отдел Цена в лева Инвентарен номер Систематично азбучна сигнатура Баркод Цена в евро Служебен тип на артикула
  Не е изгубен Universal Decimal Classification Не е повреден само за читалня ползва се в читалня 801045 Регионална библиотека "Любен Каравелов" Русе Регионална библиотека "Любен Каравелов" Русе Хранилище 2020-09-28 Основен фонд - ползва се само за читалня 5.87 129375 Цб 301295 120000129375 3.00 Графични издания
Vip Innovations Ltd, Rousse, Bulgaria 2025